|
|
|
|
| LEADER |
00000naa2a2200000 4500 |
| 001 |
393966 |
| 005 |
20231101064443.0 |
| 035 |
|
|
|a (RuTPU)RU\TPU\prd\30358
|
| 090 |
|
|
|a 393966
|
| 100 |
|
|
|a 20041125a2004 k y0rusy50 ca
|
| 101 |
0 |
|
|a rus
|
| 102 |
|
|
|a RU
|
| 200 |
1 |
|
|a Технология использования дренажной воды в производстве
|f С. Ю. Ксандопуло, С. Б. Бережной, В. И. Барко
|
| 225 |
1 |
|
|a Промышленная безопасность
|
| 461 |
|
1 |
|0 (RuTPU)RU\TPU\prd\1137
|t Безопасность жизнедеятельности
|o научно-практический и учебно-методический журнал
|d 2001-
|
| 463 |
|
1 |
|0 (RuTPU)RU\TPU\prd\27806
|t № 6
|v С. 21-24
|d 2004
|
| 610 |
1 |
|
|a производство
|
| 610 |
1 |
|
|a дренажные воды
|
| 610 |
1 |
|
|a технология использования
|
| 610 |
1 |
|
|a промышленные сточные воды
|
| 610 |
1 |
|
|a водоподготовка
|
| 610 |
1 |
|
|a оборотная вода
|
| 610 |
1 |
|
|a загрязняющие вещества
|
| 610 |
1 |
|
|a сбросы
|
| 675 |
|
|
|a 628.9.16
|v 3
|
| 700 |
|
1 |
|a Ксандопуло
|b С. Ю.
|
| 701 |
|
1 |
|a Бережной
|b С. Б.
|
| 701 |
|
1 |
|a Барко
|b В. И.
|
| 801 |
|
1 |
|a RU
|b 63413507
|c 20041125
|g PSBO
|
| 942 |
|
|
|c BK
|